[Event "79th ch-ESP 2014"]
[Site "Linares ESP"]
[Date "2014.08.30"]
[Round "6.23"]
[White "Camacho Calle, Pedro"]
[Black "Sanchez Jerez, Emilio Miguel"]
[Result "0-1"]
[BlackTitle "FM"]
[WhiteElo "2086"]
[BlackElo "2232"]
[WhiteFideId "2206803"]
[BlackFideId "2256088"]
[EventDate "2014.08.25"]

1. Nf3 g6 2. d4 Bg7 3. e4 c6 4. c3 Nf6 5. e5 Nd5 6. Bc4 d6 7. exd6 Qxd6 8. O-O
Bg4 9. h3 h5 10. Nbd2 f5 11. Re1 Nd7 12. Bf1 g5 13. Nc4 Qg6 14. Qd3 Bxf3 15.
Qxf3 g4 16. hxg4 hxg4 17. Qg3 Qh5 18. Bd3 Bf6 19. f3 Nxc3 20. bxc3 Nb8 21. Bf1 0-1

[Event "79th ch-ESP 2014"]
[Site "Linares ESP"]
[Date "2014.08.30"]
[Round "6.24"]
[White "Plazuelo Pascual, Juan"]
[Black "Silva Rodriguez, Julio"]
[Result "1/2-1/2"]
[WhiteElo "2081"]
[BlackElo "2210"]
[WhiteFideId "32059566"]
[BlackFideId "2215284"]
[EventDate "2014.08.25"]

1. d4 Nf6 2. c4 e6 3. Nf3 c5 4. d5 d6 5. Nc3 exd5 6. cxd5 g6 7. Bf4 Bg7 8. Qa4+
Bd7 9. Qb3 Qc7 10. e4 O-O 11. Bd3 Nh5 12. Be3 f5 13. exf5 Bxf5 14. Be2 Qe7 15.
O-O Na6 16. a3 Nc7 17. Rfe1 b6 18. Bg5 Qf7 19. Bb5 Bf6 20. Bc6 Rab8 21. Bh6 Bg7
22. Ng5 Qf6 23. Nce4 Bxe4 24. Nxe4 Qd8 25. Bg5 Nf6 26. Qg3 Nxe4 27. Bxd8 Nxg3
28. Bxc7 Bd4 29. hxg3 Rxf2 30. Kh2 Rbf8 31. Bxd6 R8f5 32. g4 Rg5 33. Re4 h5 34.
Be7 Rxg4 35. Rxg4 hxg4 36. Re1 Rf5 37. Re4 Be5+ 38. g3 Kf7 39. d6 Ke6 40. Kg2 c4
41. Bb7 Kf7 42. Bd5+ Ke8 43. Be6 Rh5 44. Rxc4 Rf5 45. Bxf5 1/2-1/2

[Event "79th ch-ESP 2014"]
[Site "Linares ESP"]
[Date "2014.08.30"]
[Round "6.25"]
[White "Martinez Lopez, David"]
[Black "Riera Morilla, Elizabeth"]
[Result "1-0"]
[WhiteElo "2209"]
[BlackElo "1976"]
[WhiteFideId "22235779"]
[BlackFideId "2281813"]
[EventDate "2014.08.25"]

1. e4 c5 2. Nf3 g6 3. c4 Bg7 4. d4 cxd4 5. Nxd4 Nc6 6. Be3 Nf6 7. Nc3 d6 8. Be2
O-O 9. O-O Bd7 10. Rc1 Nxd4 11. Bxd4 Bc6 12. f3 a5 13. b3 Nd7 14. Bxg7 Kxg7 15.
a3 Qb6+ 16. Kh1 Nc5 17. Rb1 Ne6 18. Qd2 Nd4 19. Qe3 Qa7 20. Qd2 Qb6 21. Qb2 e5
22. Bd3 Ne6 23. Rbd1 Qe3 24. Bb1 Rfd8 25. Rd3 Qb6 26. Ba2 Nd4 27. Qf2 Qc7 28. f4
f6 29. fxe5 fxe5 30. Qf6+ Kg8 31. c5 Rf8 32. b4+ d5 33. Nxd5 Rxf6 34. Nxc7+ 1-0

[Event "79th ch-ESP 2014"]
[Site "Linares ESP"]
[Date "2014.08.30"]
[Round "6.26"]
[White "Guerra Rivera, Salvador"]
[Black "Mora Menezo, Jesus"]
[Result "1/2-1/2"]
[WhiteElo "1849"]
[BlackElo "2196"]
[WhiteFideId "32096542"]
[BlackFideId "2228980"]
[EventDate "2014.08.25"]

1. e4 c5 2. Nf3 d6 3. d4 cxd4 4. Nxd4 Nf6 5. Nc3 g6 6. Be3 Bg7 7. f3 O-O 8. Qd2
Nc6 9. O-O-O Nxd4 10. Bxd4 Be6 11. Kb1 b5 12. Nd5 Bxd5 13. exd5 b4 14. g4 Qa5
15. Be3 Rfc8 16. h4 Rc7 17. g5 Nd7 18. h5 Rac8 19. Bd3 Qxd5 20. hxg6 Qe5 21.
gxf7+ Kxf7 22. Qc1 Nc5 23. Bxh7 b3 24. Bd4 bxa2+ 25. Kxa2 Qe6+ 26. Kb1 Bxd4 27.
Rxd4 Ke8 28. Qf4 Rb8 29. Qf5 Qxf5 30. Bxf5 Rcb7 31. b3 e6 32. Bg6+ Kd7 33. Bf7
Nxb3 34. cxb3 Rxb3+ 35. Kc2 Rb2+ 36. Kd3 Ke7 37. Rh7 d5 38. Ke3 Rg2 39. Kf4 Rf8
40. Ra4 Rxf7+ 41. Rxf7+ Kxf7 42. Rxa7+ Kg6 43. Ra6 Re2 44. Kg4 Re5 45. f4 Re4
46. Rd6 Kf7 47. Kf3 Kg6 48. Kg4 Kf7 49. Rxe6 Rxe6 50. Kh5 d4 51. g6+ Ke8 1/2-1/2

[Event "79th ch-ESP 2014"]
[Site "Linares ESP"]
[Date "2014.08.30"]
[Round "6.27"]
[White "Sos Andreu, Eric"]
[Black "Barrenechea Bahamonde, Gustavo"]
[Result "1-0"]
[WhiteTitle "FM"]
[WhiteElo "2355"]
[BlackElo "2124"]
[WhiteFideId "22247017"]
[BlackFideId "2254425"]
[EventDate "2014.08.25"]

1. d4 Nf6 2. c4 c5 3. d5 b5 4. cxb5 a6 5. bxa6 g6 6. Nc3 Bxa6 7. g3 d6 8. Bg2
Bg7 9. Nf3 Nfd7 10. Qc2 Nb6 11. h4 Bb7 12. Qb3 Na6 13. h5 Nb4 14. Ng5 h6 15. Nh3
g5 16. a3 e6 17. O-O N4xd5 18. Nxd5 Bxd5 19. Qb5+ Ke7 20. Bxd5 Nxd5 21. e4 Qb6
22. Qe2 Nc7 23. f4 gxf4 24. Nxf4 Rhg8 25. Qf3 Bd4+ 26. Kh1 Rg7 27. Ne2 Rag8 28.
Bxh6 Rh7 29. Nxd4 cxd4 30. Rac1 Ne8 31. g4 f5 32. g5 Rxh6 33. gxh6 Rg4 34. Rc2
Nf6 35. exf5 e5 36. h7 Rh4+ 37. Rh2 Rxh2+ 38. Kxh2 Qxb2+ 39. Rf2 Qb8 40. Qg2 Qh8
41. Rb2 Nxh5 42. f6+ Ke8 1-0

[Event "79th ch-ESP 2014"]
[Site "Linares ESP"]
[Date "2014.08.30"]
[Round "6.28"]
[White "Sanchez Dengra, Jose Maria"]
[Black "Sanchez Saez, Francisco"]
[Result "1/2-1/2"]
[BlackTitle "FM"]
[WhiteElo "2134"]
[BlackElo "2319"]
[WhiteFideId "22245391"]
[BlackFideId "2231743"]
[EventDate "2014.08.25"]

1. e4 g6 2. d4 Bg7 3. Nc3 d6 4. f4 Nf6 5. Bd3 Nc6 6. Nf3 Bg4 7. Be3 e5 8. dxe5
dxe5 9. h3 Bxf3 10. Qxf3 exf4 11. Bxf4 Nh5 12. O-O O-O 13. Be3 Ne5 14. Qf2 c6
15. Rad1 Nxd3 16. Rxd3 Qc7 17. Bxa7 f5 18. Bb6 Qe7 19. Bc5 fxe4 20. Qxf8+ Rxf8
21. Rxf8+ Qxf8 22. Bxf8 exd3 23. Bxg7 Kxg7 24. cxd3 Nf4 25. d4 Kf6 26. b3 b5 27.
a4 b4 28. Na2 Ne2+ 29. Kf2 Nxd4 30. Nxb4 c5 31. Nd5+ Ke5 32. Nc3 Nxb3 33. Ke3 h5 1/2-1/2

[Event "79th ch-ESP 2014"]
[Site "Linares ESP"]
[Date "2014.08.30"]
[Round "6.29"]
[White "Suarez Uriel, Adrian"]
[Black "Ruiz Font, Elisabet"]
[Result "1/2-1/2"]
[WhiteElo "2292"]
[BlackElo "2063"]
[WhiteFideId "22230874"]
[BlackFideId "2200490"]
[EventDate "2014.08.25"]

1. e4 e5 2. Nf3 Nc6 3. Bb5 Nge7 4. O-O g6 5. c3 Bg7 6. d4 exd4 7. cxd4 d5 8.
exd5 Nxd5 9. Re1+ Be6 10. Bg5 Qd6 11. Nbd2 O-O 12. Nc4 Qb4 13. Bxc6 bxc6 14. b3
Rfe8 15. Rc1 Bf5 16. Nce5 Qa3 17. Bd2 f6 18. Nxc6 Qxa2 19. Rc5 Be6 20. Ra5 Qb2
21. h3 Nb6 22. Re3 Nd5 23. Re2 Nc3 24. Bxc3 Qxc3 25. d5 Bf5 26. Nfd4 Rxe2 27.
Nxe2 Qd3 28. Qxd3 Bxd3 29. Nf4 Bc2 30. Ne6 Bf8 31. Ncd4 Be4 32. f3 Bd3 33. Nxc7
Rc8 34. Nde6 Bd6 35. Rxa7 Bf5 36. Rb7 h5 37. g4 hxg4 38. hxg4 Bc2 39. b4 Bb3 40.
b5 g5 41. Kg2 Bxc7 42. Rxc7 Rb8 43. Rc5 Kf7 44. Nd4 Ba4 45. Rc4 Bxb5 46. Rc7+
Ke8 47. Rh7 Rb6 48. Rc7 Bd3 49. Kf2 Kd8 50. Rc5 Kd7 51. Ke3 Bg6 52. Rc6 Rxc6 53.
dxc6+ Kd6 54. f4 gxf4+ 55. Kxf4 Bh7 56. Ke3 Bg6 57. Kf4 Bh7 58. Kf3 Bg6 59. Ke3
Bh7 60. Kf2 Be4 61. Ke3 Bxc6 62. Nxc6 Kxc6 63. Ke4 1/2-1/2

[Event "79th ch-ESP 2014"]
[Site "Linares ESP"]
[Date "2014.08.30"]
[Round "6.31"]
[White "Hernandez Estevez, Yudania"]
[Black "Prado Acebo, Ines"]
[Result "1-0"]
[WhiteTitle "WIM"]
[WhiteElo "2258"]
[BlackElo "1992"]
[WhiteFideId "2219344"]
[BlackFideId "22251235"]
[EventDate "2014.08.25"]

1. e4 c5 2. Nf3 e6 3. d4 cxd4 4. Nxd4 a6 5. Nc3 Qc7 6. Bd3 Nf6 7. O-O Bc5 8. Nb3
Be7 9. f4 d6 10. Be3 O-O 11. Kh1 Nbd7 12. Qf3 Re8 13. Rae1 b5 14. a3 Bb7 15. Qh3
Nf8 16. Nd4 N6d7 17. Qg3 Bf6 18. Nf3 Ng6 19. Bd2 Nc5 20. e5 Nxd3 21. cxd3 Be7
22. Ne4 Qd7 23. Bc3 d5 24. Neg5 h6 25. Nxf7 Kxf7 26. f5 Kg8 27. Qxg6 Bf8 28. Nd4
exf5 29. e6 Qe7 30. Nxf5 1-0

[Event "79th ch-ESP 2014"]
[Site "Linares ESP"]
[Date "2014.08.30"]
[Round "6.32"]
[White "Meco Benitez, Jose Luis"]
[Black "Silva Rodriguez, Fernando"]
[Result "1/2-1/2"]
[WhiteElo "2028"]
[BlackElo "2217"]
[WhiteFideId "2266369"]
[BlackFideId "2215268"]
[EventDate "2014.08.25"]

1. e4 e5 2. Nf3 Nc6 3. Bc4 Bc5 4. c3 Nf6 5. d3 O-O 6. O-O d6 7. Bb3 Ne7 8. Nh4
Bg4 9. Qe1 h6 10. h3 Be6 11. Be3 Bb6 12. f4 exf4 13. Rxf4 Nh5 14. Rf1 g5 15.
Bxb6 axb6 16. Qd1 Bxb3 17. Qxh5 gxh4 18. Rf6 Ra5 19. Qxh6 Ng6 20. Rxg6+ fxg6 21.
Qxg6+ Kh8 22. Qh6+ Kg8 23. Qg6+ Kh8 24. Qh6+ Kg8 25. Qg6+ 1/2-1/2

[Event "79th ch-ESP 2014"]
[Site "Linares ESP"]
[Date "2014.08.31"]
[Round "7.1"]
[White "Vallejo Pons, Francisco"]
[Black "Espineira Gonzalez, Diego"]
[Result "1-0"]
[WhiteTitle "GM"]
[BlackTitle "IM"]
[WhiteElo "2698"]
[BlackElo "2360"]
[WhiteFideId "2205530"]
[BlackFideId "2229498"]
[EventDate "2014.08.25"]

1. e4 e6 2. d4 d5 3. Nc3 dxe4 4. Nxe4 Bd7 5. Nf3 Bc6 6. Bd3 Nd7 7. O-O Ngf6 8.
Ned2 Be7 9. Qe2 Bxf3 10. Nxf3 O-O 11. c3 c5 12. Bf4 a6 13. Rfd1 cxd4 14. Nxd4
Re8 15. Bg3 Qb6 16. a4 Nf8 17. a5 Qc5 18. Qf3 Nd5 19. Be4 Rad8 20. Nf5 Ng6 21.
Bxd5 exd5 22. Ne3 d4 23. cxd4 Rxd4 24. Rxd4 Qxd4 25. Qxb7 Bf6 26. Qxa6 Qxb2 27.
Rd1 h5 28. h3 Bd4 29. Qc6 Re6 30. Qa8+ Kh7 31. Qf3 h4 32. Qh5+ Kg8 33. Bxh4 Re5
34. Qg4 Bxe3 35. fxe3 Rxa5 36. Rd8+ Kh7 37. Bg5 Qa1+ 38. Rd1 Rxg5 39. Rxa1 Rxg4
40. hxg4 Ne5 41. Ra4 Kg6 42. Kh2 f6 43. Kg3 Nf7 44. Kf4 Ne5 45. Ra5 Nd3+ 46. Ke4
Nf2+ 47. Kf3 Nd3 48. Rd5 Nb4 49. Rd6 Kg5 50. Rd7 Kg6 51. Rd6 Kg5 52. Kg3 Nc2 53.
Rd5+ Kg6 54. Kf4 Nb4 55. Rd6 Kf7 56. g5 Ke7 57. Rd4 Nc6 58. Ra4 Kf7 59. gxf6
gxf6 60. Ra6 Nb4 61. Rd6 Kg6 62. Ke4 1-0

[Event "79th ch-ESP 2014"]
[Site "Linares ESP"]
[Date "2014.08.31"]
[Round "7.2"]
[White "Arribas Lopez, Angel"]
[Black "Korneev, Oleg"]
[Result "1-0"]
[WhiteTitle "IM"]
[BlackTitle "GM"]
[WhiteElo "2503"]
[BlackElo "2590"]
[WhiteFideId "2283352"]
[BlackFideId "4156803"]
[EventDate "2014.08.25"]

1. e4 e5 2. Nf3 Nc6 3. d4 exd4 4. Nxd4 Bc5 5. Nb3 Bb6 6. Nc3 Nf6 7. Qe2 O-O 8.
Bg5 h6 9. Bh4 Re8 10. O-O-O d6 11. Qe1 a5 12. a4 Nb4 13. f4 Qe7 14. Nd4 c6 15.
Be2 Bd8 16. Bf3 Qf8 17. Rg1 Bd7 18. g4 Nfd5 19. Bxd8 Raxd8 20. g5 hxg5 21. Rxg5
Nxf4 22. Qg3 Ng6 23. Rg1 Qe7 24. Bh5 Rf8 25. Nf5 Bxf5 26. exf5 d5 27. fxg6 f6
28. Re1 Qc5 29. Bg4 Rfe8 30. Rh5 Rxe1+ 31. Qxe1 Qd6 32. Be6+ Kf8 33. Bf7 Qf4+
34. Kb1 1-0

[Event "79th ch-ESP 2014"]
[Site "Linares ESP"]
[Date "2014.08.31"]
[Round "7.3"]
[White "Del Rio De Angelis, Salvador G."]
[Black "Fernandez Garcia, Jose Miguel"]
[Result "1-0"]
[WhiteTitle "GM"]
[BlackTitle "FM"]
[WhiteElo "2529"]
[BlackElo "2353"]
[WhiteFideId "2203138"]
[BlackFideId "22200070"]
[EventDate "2014.08.25"]

1. d4 d5 2. c4 e6 3. Nc3 Bb4 4. e3 c5 5. Nf3 Nc6 6. Be2 Nf6 7. O-O O-O 8. cxd5
exd5 9. dxc5 Bxc5 10. b3 a6 11. Bb2 Be6 12. Rc1 Bd6 13. Nd4 Qc7 14. g3 Nxd4 15.
Qxd4 Be5 16. Qb4 Qd7 17. Na4 Bxb2 18. Nxb2 Rac8 19. Na4 Rc6 20. Nc5 Qd6 21. Nd3
Qxb4 22. Nxb4 Rxc1 23. Rxc1 Rc8 24. Rxc8+ Bxc8 25. Bf3 Be6 26. Kf1 Kf8 27. Ke2
Ke7 28. Kd2 Kd6 29. Kc3 Bg4 30. Bg2 a5 31. Nc2 Bf5 32. Nd4 Bb1 33. f3 h5 34. h4
Kc5 35. a3 b6 36. Bh3 Ne8 37. Bd7 Nc7 38. Bf5 Nb5+ 39. Nxb5 Bxf5 40. Nd4 Bd7 41.
b4+ axb4+ 42. axb4+ Kd6 43. Ne2 Ke5 44. Nf4 g6 45. Nd3+ Kd6 46. Kd4 Bb5 47. Nf4
Bc6 48. g4 Bb5 49. gxh5 gxh5 50. Nxd5 Be2 51. f4 Kc6 52. Nc3 Bf3 53. Ke5 Kd7 54.
Kf6 Ke8 55. Na4 b5 56. Nc3 Bc6 57. Ne2 Kf8 58. Nd4 Bd7 59. e4 Be8 60. e5 1-0

[Event "79th ch-ESP 2014"]
[Site "Linares ESP"]
[Date "2014.08.31"]
[Round "7.4"]
[White "Alexandrova, Olga"]
[Black "Anton Guijarro, David"]
[Result "1/2-1/2"]
[WhiteTitle "IM"]
[BlackTitle "GM"]
[WhiteElo "2424"]
[BlackElo "2624"]
[WhiteFideId "14102463"]
[BlackFideId "2285525"]
[EventDate "2014.08.25"]

1. d4 Nf6 2. c4 e6 3. Nf3 d5 4. e3 Be7 5. Bd3 dxc4 6. Bxc4 a6 7. O-O O-O 8. Qe2
Nbd7 9. e4 b5 10. Bb3 Bb7 11. e5 Nd5 12. Nc3 Nxc3 13. bxc3 c5 14. a4 cxd4 15.
cxd4 Nb6 16. axb5 axb5 17. Rxa8 Qxa8 18. Qxb5 Ba6 19. Qxb6 Bxf1 20. Kxf1 Qa1 21.
g3 Qxc1+ 22. Kg2 Qc8 23. d5 exd5 24. Bxd5 Qd8 25. Qb3 g6 26. h4 Kg7 27. Qb7 Kh8
28. Nd4 Bc5 29. Nb3 Qe7 30. Nxc5 Qxc5 31. Qd7 Rb8 32. e6 fxe6 33. Qxe6 Qc7 34.
Bf3 Rf8 35. Qe4 1/2-1/2

[Event "79th ch-ESP 2014"]
[Site "Linares ESP"]
[Date "2014.08.31"]
[Round "7.5"]
[White "Salgado Lopez, Ivan"]
[Black "Suarez Garcia, Carlos"]
[Result "1/2-1/2"]
[WhiteTitle "GM"]
[BlackTitle "FM"]
[WhiteElo "2620"]
[BlackElo "2400"]
[WhiteFideId "2257327"]
[BlackFideId "22230858"]
[EventDate "2014.08.25"]

1. e4 d6 2. d4 Nf6 3. Nd2 g6 4. Ngf3 Bg7 5. Bd3 O-O 6. O-O Nc6 7. c3 e5 8. h3
Nd7 9. Nb3 a5 10. Bg5 Bf6 11. Be3 a4 12. Nbd2 a3 13. b3 exd4 14. Nxd4 Nxd4 15.
Bxd4 Ne5 16. Be2 Nc6 17. Bxf6 Qxf6 18. Rc1 Qh4 19. Bg4 Bxg4 20. Qxg4 Qxg4 21.
hxg4 Ne5 22. g5 Nd3 23. Rcd1 Nf4 24. Kh2 Rfd8 25. g3 Ne6 26. f4 d5 27. exd5 Rxd5
28. Ne4 Rdd8 29. Kg2 Kg7 30. Rh1 Rxd1 31. Rxd1 h6 32. Rd7 hxg5 33. Nxg5 Nxg5 34.
fxg5 Rc8 35. Kf3 Kf8 36. Kf4 Ke8 37. Rd4 b5 38. c4 c6 39. c5 Rd8 40. Rxd8+ Kxd8
41. Ke4 1/2-1/2

[Event "79th ch-ESP 2014"]
[Site "Linares ESP"]
[Date "2014.08.31"]
[Round "7.6"]
[White "Teran Alvarez, Ismael"]
[Black "Vazquez Igarza, Renier"]
[Result "0-1"]
[WhiteTitle "IM"]
[BlackTitle "GM"]
[WhiteElo "2388"]
[BlackElo "2603"]
[WhiteFideId "2204177"]
[BlackFideId "3503054"]
[EventDate "2014.08.25"]

1. e4 e5 2. Nf3 Nf6 3. Nxe5 d6 4. Nf3 Nxe4 5. Nc3 Nxc3 6. dxc3 Be7 7. Be3 O-O 8.
Qd2 Nd7 9. O-O-O Nc5 10. Kb1 c6 11. Nd4 Ne4 12. Qd3 d5 13. c4 Bf6 14. Be2 Nc5
15. Qa3 Ne4 16. cxd5 c5 17. Nb3 b6 18. Qa4 Nd6 19. Nd2 Re8 20. Bb5 Nxb5 21. Qxb5
Bb7 22. c4 Bc8 23. Rhe1 Bf5+ 24. Kc1 a6 25. Qb3 b5 26. Bf4 Bd4 27. Rxe8+ Qxe8
28. Be3 bxc4 29. Qxc4 Rb8 30. b3 Rb4 31. Qe2 h6 32. h3 Bf6 33. Nc4 Qe4 34. d6
Bc3 35. Na3 Rd4 36. Qf3 Bb4 37. Kb2 Bxa3+ 38. Kxa3 Ra4+ 0-1

[Event "79th ch-ESP 2014"]
[Site "Linares ESP"]
[Date "2014.08.31"]
[Round "7.7"]
[White "Matnadze, Ana"]
[Black "Lopez Martinez, Josep Manuel"]
[Result "1/2-1/2"]
[WhiteTitle "IM"]
[BlackTitle "GM"]
[WhiteElo "2385"]
[BlackElo "2549"]
[WhiteFideId "13601377"]
[BlackFideId "2212943"]
[EventDate "2014.08.25"]

1. d4 d5 2. g3 c6 3. Bg2 Bg4 4. f3 Bh5 5. Nh3 f6 6. O-O Nd7 7. c3 e5 8. Nf2 Qb6
9. Re1 exd4 10. cxd4 Bb4 11. Nc3 Ne7 12. Bh3 f5 13. Bf4 O-O 14. a3 Bxc3 15. bxc3
Ng6 16. Rb1 Qd8 17. Nd3 Nb6 18. Qc1 Nxf4 19. Qxf4 Qe7 20. Nc5 g5 21. Qc1 Rab8
22. e4 dxe4 23. fxe4 fxe4 24. Nxe4 g4 25. Qh6 Qf7 26. Qg5+ Qg6 27. Qxg6+ Bxg6
28. Bxg4 Rbe8 29. Nd6 Rd8 30. Ne4 Rde8 31. Nd6 Rd8 32. Ne4 1/2-1/2

[Event "79th ch-ESP 2014"]
[Site "Linares ESP"]
[Date "2014.08.31"]
[Round "7.8"]
[White "Escudero Manzano, Alejandro"]
[Black "Ibarra Jerez, Jose Carlos"]
[Result "0-1"]
[BlackTitle "GM"]
[WhiteElo "2283"]
[BlackElo "2521"]
[WhiteFideId "2238004"]
[BlackFideId "2226332"]
[EventDate "2014.08.25"]

1. e4 c5 2. Nf3 e6 3. d4 cxd4 4. Nxd4 a6 5. c4 Nf6 6. Nc3 Bb4 7. Bd3 Nc6 8. Nc2
Bc5 9. Be3 d6 10. O-O O-O 11. a3 e5 12. b4 Bxe3 13. Nxe3 Be6 14. Rc1 a5 15. b5
Nd4 16. Ne2 Qb6 17. Nxd4 Qxd4 18. Bb1 Qc5 19. Qd3 Rfd8 20. Kh1 Rac8 21. f4 exf4
22. Rxf4 Nd7 23. Nd5 Ne5 24. Qg3 Ng6 25. Rff1 Qd4 26. Bd3 Kh8 27. Be2 Qxe4 28.
Bd3 Qh4 29. Qxh4 Nxh4 30. Nb6 Rc7 31. Rfd1 Re8 32. Be4 Nf5 33. Bxf5 Bxf5 34.
Rxd6 g6 35. Kg1 Re2 36. c5 Be4 37. Rd8+ Kg7 38. Nd5 Rxg2+ 39. Kf1 Bxd5 40. Rxd5
Rxh2 41. Rc3 Rb2 42. a4 Rb4 43. c6 bxc6 44. bxc6 Rxa4 45. Ke2 Re4+ 46. Kd3 Re6
47. Rdc5 Rd6+ 48. Kc2 h5 49. Kb3 Rd4 50. Rxa5 h4 51. Rb5 Rd6 52. Rbc5 h3 53.
Rxh3 Rdxc6 54. Rb5 Rc1 55. Kb2 R7c2+ 56. Ka3 Ra1+ 57. Kb3 Rb1+ 58. Kxc2 Rxb5 0-1

[Event "79th ch-ESP 2014"]
[Site "Linares ESP"]
[Date "2014.08.31"]
[Round "7.9"]
[White "Arizmendi Martinez, Julen Luis"]
[Black "Navarro Lopez-Menchero, Daniel"]
[Result "1-0"]
[WhiteTitle "GM"]
[BlackTitle "FM"]
[WhiteElo "2544"]
[BlackElo "2135"]
[WhiteFideId "2205092"]
[BlackFideId "2297370"]
[EventDate "2014.08.25"]

1. Nf3 d5 2. e3 Nf6 3. c4 dxc4 4. Bxc4 e6 5. O-O a6 6. Qe2 b5 7. Bb3 Bb7 8. Rd1
Nbd7 9. d4 c5 10. Nc3 Qc7 11. e4 cxd4 12. Nxd4 b4 13. Nd5 exd5 14. exd5+ Qe5 15.
Qxe5+ Nxe5 16. Re1 O-O-O 17. Rxe5 Nxd5 18. Re1 Bc5 19. Nf5 g6 20. Bg5 Rde8 21.
Rec1 1-0

[Event "79th ch-ESP 2014"]
[Site "Linares ESP"]
[Date "2014.08.31"]
[Round "7.10"]
[White "Perez Candelario, Manuel"]
[Black "Trigo Urquijo, Sergio"]
[Result "1-0"]
[WhiteTitle "GM"]
[WhiteElo "2575"]
[BlackElo "2274"]
[WhiteFideId "2210622"]
[BlackFideId "2262436"]
[EventDate "2014.08.25"]

1. e4 e5 2. Nf3 Nc6 3. Bb5 a6 4. Ba4 Nf6 5. O-O Be7 6. Re1 b5 7. Bb3 d6 8. c3
O-O 9. h3 Nb8 10. d4 Nbd7 11. c4 b4 12. a3 Bb7 13. axb4 Nxe4 14. Nc3 Nxc3 15.
bxc3 exd4 16. cxd4 Bf6 17. Ra3 Bxf3 18. gxf3 Re8 19. Be3 Nf8 20. Ba4 Re7 21. Bc6
Rb8 22. Qd2 Ne6 23. Rea1 Qc8 24. f4 Nd8 25. Bg2 c5 26. Rxa6 cxb4 27. Ra8 Rc7 28.
Rxb8 Qxb8 29. Ra8 Qb6 30. c5 Qb5 31. Bf1 Qb7 32. Ra6 dxc5 33. dxc5 Rd7 34. Qe2
b3 35. Rb6 Qd5 36. Kh2 b2 37. Bg2 Qd1 38. Qb5 Qd3 39. c6 Qxb5 40. Rxb5 Rc7 41.
Bb6 Rc8 42. c7 Ne6 43. Ba5 Kf8 44. Rb8 Ke7 45. Rxc8 b1=Q 46. Rb8 Qf5 47. Bb4+ 1-0

[Event "79th ch-ESP 2014"]
[Site "Linares ESP"]
[Date "2014.08.31"]
[Round "7.11"]
[White "Perez Garcia, Alejandro"]
[Black "Santos Latasa, Jaime"]
[Result "0-1"]
[BlackTitle "FM"]
[WhiteElo "2093"]
[BlackElo "2487"]
[WhiteFideId "32041543"]
[BlackFideId "2293307"]
[EventDate "2014.08.25"]

1. Nf3 Nf6 2. b3 g6 3. Bb2 Bg7 4. g3 O-O 5. Bg2 c5 6. c4 d6 7. Nc3 Nc6 8. d4
cxd4 9. Nxd4 Bd7 10. O-O Qb6 11. Nc2 Rfc8 12. Nd5 Nxd5 13. Bxg7 Kxg7 14. Bxd5
Bh3 15. Bg2 Bxg2 16. Kxg2 Qc5 17. Qd2 b5 18. cxb5 Qxb5 19. Rfc1 Rab8 20. Nd4
Qd5+ 21. Nf3 Qxd2 22. Nxd2 Nb4 23. Rxc8 Rxc8 24. a3 Nc2 25. Ra2 Ne1+ 26. Kf1 Rc1
27. e3 Nf3+ 28. Ke2 Nxh2 29. f3 g5 30. Kf2 g4 31. f4 Rc3 32. b4 d5 33. a4 Kf6
34. b5 Ke6 35. a5 Kd7 36. b6 axb6 37. axb6 Kc8 38. Rb2 Kb7 39. Kg2 Nf3 40. Nxf3
gxf3+ 41. Kf2 e6 42. Rb1 f6 43. Rh1 e5 44. Rxh7+ Kxb6 45. fxe5 fxe5 46. Kxf3 d4
47. Ke4 Rxe3+ 48. Kd5 d3 49. Rh1 d2 50. Rd1 Re2 51. g4 Kc7 52. g5 Kd7 53. g6 Ke7
54. Kc4 e4 55. Kc3 e3 56. Rg1 Kf8 57. Kc2 Re1 0-1

[Event "79th ch-ESP 2014"]
[Site "Linares ESP"]
[Date "2014.08.31"]
[Round "7.12"]
[White "Santos Ruiz, Miguel"]
[Black "Gonzalez De La Torre, Santiago"]
[Result "1/2-1/2"]
[WhiteTitle "FM"]
[BlackTitle "IM"]
[WhiteElo "2306"]
[BlackElo "2466"]
[WhiteFideId "22291482"]
[BlackFideId "2221667"]
[EventDate "2014.08.25"]

1. e4 e5 2. Nf3 Nc6 3. Bb5 a6 4. Ba4 Nf6 5. d3 d6 6. c3 g6 7. O-O Bg7 8. Nbd2
O-O 9. Re1 Re8 10. Bxc6 bxc6 11. d4 exd4 12. cxd4 Bb7 13. e5 Nd5 14. Nc4 Rb8 15.
Bd2 Ba8 16. Qc2 Qd7 17. Rac1 Nb4 18. Bxb4 Rxb4 19. exd6 cxd6 20. Rxe8+ Qxe8 21.
Nxd6 Qb8 22. Re1 Rxb2 23. Qc1 Bf8 24. Ne8 Rb5 25. d5 cxd5 26. Qc3 d4 27. Qxd4
Rb1 28. Nf6+ Kh8 29. Ne8+ Kg8 30. Nf6+ Kh8 31. Ne8+ 1/2-1/2

[Event "79th ch-ESP 2014"]
[Site "Linares ESP"]
[Date "2014.08.31"]
[Round "7.13"]
[White "Larino Nieto, David"]
[Black "Navarrete Espi, Samuel"]
[Result "0-1"]
[WhiteTitle "GM"]
[WhiteElo "2432"]
[BlackElo "2245"]
[WhiteFideId "2256444"]
[BlackFideId "2237725"]
[EventDate "2014.08.25"]

1. b3 e5 2. Bb2 Nc6 3. e3 Nf6 4. Bb5 Bd6 5. Ne2 a6 6. Bxc6 dxc6 7. d3 Qe7 8. Nd2
Be6 9. Ng3 O-O-O 10. a3 h5 11. h4 Rh6 12. Nc4 Bxc4 13. bxc4 Qe6 14. Qf3 Kb8 15.
Qf5 Qe7 16. c5 Bxc5 17. Qxe5 Qf8 18. Ne2 Re8 19. Qc3 Nd5 20. Qxg7 Qd6 21. d4 Bb6
22. O-O-O Rg6 23. Qh7 Rxg2 24. Qxh5 Rxf2 25. Rdf1 Qf6 26. Re1 Rxe3 27. Rhg1 Ba5
28. c3 Qe7 29. Kd1 Qe4 0-1

[Event "79th ch-ESP 2014"]
[Site "Linares ESP"]
[Date "2014.08.31"]
[Round "7.14"]
[White "Vega Gutierrez, Sabrina"]
[Black "Lopez Mulet, Inigo"]
[Result "1-0"]
[WhiteTitle "IM"]
[WhiteElo "2395"]
[BlackElo "2193"]
[WhiteFideId "2219026"]
[BlackFideId "22235620"]
[EventDate "2014.08.25"]

1. e4 e6 2. Qe2 c5 3. Nf3 Nc6 4. c3 d5 5. d3 g6 6. exd5 Qxd5 7. Na3 Nge7 8. Bf4
Qd8 9. Be5 Nxe5 10. Qxe5 Rg8 11. Qxc5 Nc6 12. Qb5 Bxa3 13. bxa3 Qd6 14. Qb2 b6
15. d4 Ke7 16. Be2 Bb7 17. c4 Rgd8 18. Rd1 Rac8 19. d5 Na5 20. dxe6 Qxe6 21. O-O
Qf6 22. Ne5 Nc6 23. Nxc6+ Rxc6 24. Qb4+ Rc5 25. Rxd8 Kxd8 26. Rd1+ Ke8 27. Bf1
Kf8 28. Rd7 a5 29. Qd2 Bc6 30. Rd6 Qe7 31. Qd4 Kg8 32. Rd8+ Be8 33. Rb8 Rc6 34.
Rxb6 Qxa3 35. Rxc6 Bxc6 36. Qb6 Qa4 37. h3 Be8 38. c5 Qxa2 39. c6 Qe6 40. Bb5
Qc8 41. Qb7 Qd8 42. c7 Qd1+ 43. Kh2 Qd6+ 44. g3 Qc5 45. c8=Q 1-0